Ավետիս Ահարոնյան : (Record no. 364757)
[ view plain ]
| 000 -LEADER | |
|---|---|
| fixed length control field | 01669nam a2200313 i 4500 |
| 001 - CONTROL NUMBER | |
| control field | 001136944 |
| 003 - CONTROL NUMBER IDENTIFIER | |
| control field | AM-YeHGA |
| 005 - DATE AND TIME OF LATEST TRANSACTION | |
| control field | 20260303152147.0 |
| 008 - FIXED-LENGTH DATA ELEMENTS--GENERAL INFORMATION | |
| fixed length control field | 170525s2017 ai ||||g||||| 00| 0|arm|| |
| 020 ## - INTERNATIONAL STANDARD BOOK NUMBER | |
| International Standard Book Number | 9789939909844 |
| 040 ## - CATALOGING SOURCE | |
| Original cataloging agency | AM-YeHGA |
| 041 0# - LANGUAGE CODE | |
| Language code of text/sound track or separate title | arm |
| 090 ## - LOCALLY ASSIGNED LC-TYPE CALL NUMBER (OCLC); LOCAL CALL NUMBER (RLIN) | |
| -- | 366617 |
| 245 00 - TITLE STATEMENT | |
| Title | Ավետիս Ահարոնյան : |
| Remainder of title | Միջազգային գիտաժողովի նյութեր ; |
| Number of part/section of a work | 2016 թ. դեկտեմբերի 15 / |
| Statement of responsibility, etc. | Կազմեց՝ Ն. Միքայելյան ; Խմբագիր՝ Ա. Նիկողոսյան; [Սրբագրիչ՝ Ս. Խաչատրյան] ; ԵՊՀ ; ՀՀ սփյուռքի նախարարություն. |
| 260 ## - PUBLICATION, DISTRIBUTION, ETC. | |
| Place of publication, distribution, etc. | Երևան : |
| Name of publisher, distributor, etc. | Համազգայինի հայ կրթական և մշակութային միություն , |
| Date of publication, distribution, etc. | 2017. |
| 300 ## - PHYSICAL DESCRIPTION | |
| Extent | 389 էջ ; |
| Dimensions | 21 սմ. |
| 500 ## - GENERAL NOTE | |
| General note | Կազմի վրա՝ Ավետիս Ահարոնյան 150: |
| 504 ## - BIBLIOGRAPHY, ETC. NOTE | |
| Bibliography, etc. note | Տողատակում՝ ծանոթագրություններ: |
| 600 14 - SUBJECT ADDED ENTRY--PERSONAL NAME | |
| Personal name | Ահարոնյան, Ավետիս Առաքելի, |
| Dates associated with a name | 1866-1948 |
| 9 (RLIN) | 1814 |
| 650 14 - SUBJECT ADDED ENTRY--TOPICAL TERM | |
| Topical term or geographic name entry element | Հայ պատմական գործիչներ |
| General subdivision | Կյանքն ու գործունեությունը |
| 650 14 - SUBJECT ADDED ENTRY--TOPICAL TERM | |
| Topical term or geographic name entry element | Սփյուռքահայ գրողներ |
| 700 1# - ADDED ENTRY--PERSONAL NAME | |
| Personal name | Միքայելյան, Նարե |
| Relator term | կազմող |
| Relationship | com |
| 700 1# - ADDED ENTRY--PERSONAL NAME | |
| Personal name | Նիկողոսյան, Արքեմնիկ |
| Relator term | խմբագիր |
| Relationship | edt |
| 700 1# - ADDED ENTRY--PERSONAL NAME | |
| Personal name | Խաչատրյան, Սամվել |
| Relator term | սրբագրիչ |
| Relationship | crr |
| 710 ## - ADDED ENTRY--CORPORATE NAME | |
| Corporate name or jurisdiction name as entry element | Երևանի պետական համալսարան. |
| 710 ## - ADDED ENTRY--CORPORATE NAME | |
| Corporate name or jurisdiction name as entry element | ՀՀ սփյուռքի նախարարություն: |
| 711 2# - ADDED ENTRY--MEETING NAME | |
| Meeting name or jurisdiction name as entry element | Միջազգային գիտաժողովի նյութեր |
| Date of meeting or treaty signing | (2016 թ. դեկտեմբերի 15) |
| 942 ## - ADDED ENTRY ELEMENTS (KOHA) | |
| Source of classification or shelving scheme | Universal Decimal Classification |
| Koha item type | Գրքեր / Books |
| Koha issues (borrowed), all copies | 1 |
| Withdrawn status | Lost status | Damaged status | Not for loan | Collection | Home library | Current library | Date acquired | Total checkouts | Full call number | Barcode | Date last seen | Price effective from | Koha item type | Public note | Source of classification or shelving scheme | Date last checked out |
|---|---|---|---|---|---|---|---|---|---|---|---|---|---|---|---|---|
| General | Fundamental Scientific Library | Fundamental Scientific Library | 11/01/2017 | РД I/3218 | FL0357973 | 11/01/2017 | 11/01/2017 | Գրքեր / Books | 30 Days Loan | |||||||
| General | Fundamental Scientific Library | Fundamental Scientific Library | 08/11/2018 | 1 | AII/103917 | FL0538532 | 03/03/2026 | 08/11/2018 | Գրքեր / Books | 30 Days Loan | Universal Decimal Classification | 03/03/2026 |
ՀՀ Գիտությունների ազգային ակադեմիայի հիմնարար գիտական գրադարան = Fundamental Scientific Library of NAS RA
All site content, except where otherwise noted, is licensed under a